Поиски Града-Китежа в Сибири; Актуальные проблемы гуманитарных наук

Dades bibliogràfiques
Parent link:Актуальные проблемы гуманитарных наук.— 2010.— С. 298-300
Autor principal: Белькова Т. А. Татьяна Анатольевна
Idioma:rus
Publicat: 2010
Matèries:
Format: MixedMaterials Capítol de llibre
KOHA link:https://koha.lib.tpu.ru/cgi-bin/koha/opac-detail.pl?biblionumber=193599

MARC

LEADER 00000naa2a2200000 4500
001 193599
005 20260305160420.0
035 |a (RuTPU)RU\TPU\book\211143 
090 |a 193599 
100 |a 20110324d2010 k y0rusy50 ca 
101 0 |a rus 
102 |a RU 
200 1 |a Поиски Града-Китежа в Сибири  |f Т. А. Белькова 
320 |a Библиогр.: 11 назв. 
463 1 |0 (RuTPU)RU\TPU\book\205127  |y 978-5-98298-643-6  |t Актуальные проблемы гуманитарных наук  |o сборник трудов IX Международной научно-практической конференции студентов, аспирантов и молодых ученых, 22-23 апреля 2010 г., Томск  |f Национальный исследовательский Томский политехнический университет (ТПУ)  |v С. 298-300  |d 2010 
610 1 |a Россия 
610 1 |a история 
610 1 |a легенды 
610 1 |a Китеж 
610 1 |a Сибирь 
610 1 |a Беловодье 
610 1 |a переселенцы 
610 1 |a труды учёных ТПУ 
700 1 |a Белькова  |b Т. А.  |c специалист в области экологии и безопасности жизнедеятельности  |c aссистент Томского политехнического университета  |f 1991-  |g Татьяна Анатольевна  |9 23025 
801 1 |a RU  |b 63413507  |c 20110324 
942 |c BK